Städte und Gemeinden im Landkreis Südwestpfalz - Statistiken

Allgemein
  • Dieses Quiz wurde 10 mal gespielt
    9 seit der letzten Aktualisierung
  • Das Durchschnittsergebnis liegt bei 38 aus 84
Antwortstatistiken
Verbandsgemeinde Gemeinde % Korrekt
Dahner Felsenland Dahn
100%
Hauenstein Hauenstein
100%
Rodalben Rodalben
100%
Dahner Felsenland Bruchweiler-Bärenbach
86%
Dahner Felsenland Bundenthal
86%
Dahner Felsenland Busenberg
86%
Dahner Felsenland Erlenbach
86%
Dahner Felsenbach Fischbach
86%
Hauenstein Hinterweidenthal
86%
Dahner Felsenland Schindhard
86%
Dahner Felsenland Ludwigswinkel
71%
Rodalben Münchweiler
71%
Dahner Felsenland Rumbach
71%
Dahner Felsenland Bobenthal
57%
Dahner Felsenland Erfweiler
57%
Waldfischbach-Burgalben Hermersberg
57%
Pirmasens-Land Lemberg
57%
Hauenstein Lug
57%
Thaleischweiler-Wallhalben Maßweiler
57%
Dahner Felsenland Schönau
57%
Hauenstein Spirkelbach
57%
Pirmasens-Land Trulben
57%
Waldfischbach-Burgalben Waldfischbach-Burgalben
57%
Thaleischweiler-Wallhalben Wallhalben
57%
Hauenstein Wilgartswiesen
57%
Pirmasens-Land Bottenbach
43%
Rodalben Clausen
43%
Zweibrücken-Land Contwig
43%
Hauenstein Darstein
43%
Hauenstein Dimbach
43%
Rodalben Donsieders
43%
Pirmasens-Land Eppenbrunn
43%
Waldfischbach-Burgalben Heltersberg
43%
Waldfischbach-Burgalben Höheinöd
43%
Thaleischweiler-Wallhalben Höheischweiler
43%
Thaleischweiler-Wallhalben Höhfröschen
43%
Zweibrücken-Land Hornbach
43%
Thaleischweiler-Wallhalben Krähenberg
43%
Pirmasens-Land Kröppen
43%
Rodalben Merzalben
43%
Dahner Felsenland Niederschlettenbach
43%
Dahner Felsenland Nothweiler
43%
Pirmasens-Land Obersimten
43%
Thaleischweiler-Wallhalben Petersberg
43%
Thaleischweiler-Wallhalben Rieschweiler-Mühlbach
43%
Hauenstein Schwanheim
43%
Pirmasens-Land Schweix
43%
Waldfischbach-Burgalben Steinalben
43%
Thaleischweiler-Wallhalben Thaleischweiler-Fröschen
43%
Pirmasens-Land Vinningen
43%
Zweibrücken-Land Walshausen
43%
Thaleischweiler-Wallhalben Weselberg
43%
Zweibrücken-Land Althornbach
29%
Zweibrücken-Land Battweiler
29%
Zweibrücken-Land Bechhofen
29%
Thaleischweiler-Wallhalben Biedershausen
29%
Zweibrücken-Land Dellfeld
29%
Zweibrücken-Land Dietrichingen
29%
Waldfischbach-Burgalben Geiselberg
29%
Zweibrücken-Land Großbundenbach
29%
Thaleischweiler-Wallhalben Herschberg
29%
Thaleischweiler-Wallhalben Hettenhausen
29%
Pirmasens-Land Hilst
29%
Dahner Felsenland Hirschthal
29%
Waldfischbach-Burgalben Horbach
29%
Zweibrücken-Land Käshofen
29%
Zweibrücken-Land Kleinbundenbach
29%
Rodalben Leimen
29%
Zweibrücken-Land Mauschbach
29%
Thaleischweiler-Wallhalben Nünschweiler
29%
Thaleischweiler-Wallhalben Obernheim-Kirchenarnbach
29%
Thaleischweiler-Wallhalben Reifenberg
29%
Zweibrücken-Land Rosenkopf
29%
Pirmasens-Land Ruppertsweiler
29%
Thaleischweiler-Wallhalben Saalstadt
29%
Thaleischweiler-Wallhalben Schauerberg
29%
Waldfischbach-Burgalben Schmalenberg
29%
Thaleischweiler-Wallhalben Schmittshausen
29%
Thaleischweiler-Wallhalben Winterbach
29%
Zweibrücken-Land Großsteinhausen
14%
Zweibrücken-Land Kleinsteinhausen
14%
Thaleischweiler-Wallhalben Knopp-Labach
14%
Zweibrücken-Land Riedelberg
14%
Zweibrücken-Land Wiesbach
14%
Keine übereinstimmenden Quizze gefunden
Verteilung der Resultate
Anzahl Personen mit jedem Resultat
Perzentil nach korrekt beantworteten Fragen
Ihre Resultats-Entwicklung
Sie haben dieses Quiz seit der letzten Aktualisierung nicht gespielt